| 000 | 00410nam a2200181Ia 4500 | ||
|---|---|---|---|
| 008 | 210210b1938 xxu||||| |||| 00| 0 eng d | ||
| 041 | _aeng | ||
| 082 | _a829/828 | ||
| 100 | _aO'SULLIVAN (M) | ||
| 245 | _aTwenty years a growing | ||
| 260 |
_aEngland _bPenguin Books _c1938 |
||
| 650 | _ayears | ||
| 650 | _aTwenty | ||
| 650 | _agrowing | ||
| 650 | _aa | ||
| 690 | _aEnglish Fiction | ||
| 906 | _a017426 | ||
| 999 |
_c137393 _d137393 |
||